Maestre Nicolás Francés (Record no. 137524)

MARC details
000 -LEADER
campo de control de longitud fija 00655nam a2200193 4500
001 - NÚMERO DE CONTROL
campo de control 137524
003 - IDENTIFICADOR DE NÚMERO DE CONTROL
campo de control ES-MaACL
005 - FECHA Y HORA DE LA ÚLTIMA TRANSACCIÓN
campo de control 20230906195405.0
007 - CAMPO FIJO DE DESCRIPCIÓN FÍSICA--INFORMACIÓN GENERAL
campo de control de longitud fija t|
008 - DATOS DE LONGITUD FIJA--INFORMACIÓN GENERAL
campo de control de longitud fija 070214s1925 sp r ||||1| spa d
100 1# - ENTRADA PRINCIPAL--NOMBRE DE PERSONA
Nombre de persona Sánchez Cantón, Francisco Javier,
Fechas asociadas al nombre 1891-1971
9 (RLIN) 102521
245 10 - MENCIÓN DEL TÍTULO
Título Maestre Nicolás Francés
Resto del título : pintor /
Mención de responsabilidad, etc. Francisco Javier Sánchez Cantón.
260 ## - PUBLICACIÓN, DISTRIBUCIÓN, ETC.
Lugar de publicación, distribución, etc. Madrid :
Nombre del editor, distribuidor, etc. [s.n.],
Fecha de publicación, distribución, etc. 1925.
300 ## - DESCRIPCIÓN FÍSICA
Extensión 24 p., 8 lám. ;
Dimensiones 28 cm.
500 ## - NOTA GENERAL
Nota general (Del Archivo Español de Arte y Arqueología, I-1925)
710 2# - ENTRADA AGREGADA--NOMBRE DE ENTIDAD CORPORATIVA
Nombre de entidad corporativa o nombre de jurisdicción como elemento de entrada Archivo Español de Arte y Arqueología.
9 (RLIN) 1429
852 ## - LOCALIZACIÓN
Ubicación ES-MaACL
Número de control de estantería 1692-F-20
Sublocalización o colección R.535
Holdings
Estatus retirado Estado de pérdida Estado de daño No para préstamo Colección Biblioteca de origen Biblioteca actual Ubicación en estantería Fecha de adquisición Fuente de adquisición Total de préstamos Signatura topográfica completa Código de barras Visto por última vez Precio de reemplazo Tipo de ítem Koha
        Colección de folletos Biblioteca del Ateneo de Madrid Biblioteca del Ateneo de Madrid Depósito folletos 17/01/2008     1692-F-20 1143112 23/02/2023 23/02/2023 Folleto